| 000 | 00554nam a2200205Ia 4500 | ||
|---|---|---|---|
| 008 | 160819s9999 xx 000 0 und d | ||
| 020 | _a981-232-712-6 | ||
| 050 | _aCUL TX 724.5 | ||
| 050 | _b.I5B73 2005 | ||
| 100 | _aBrackman, Agnes De Keijzer. | ||
| 245 | _aCook indonesian / | ||
| 245 | _cAgnes De Keijzer Brackman, Cathay Brackman. | ||
| 260 | _aSingapore : | ||
| 260 | _bMarshall Cavendish Cuisine, | ||
| 260 | _c2005 | ||
| 300 | _a183 pages : | ||
| 300 | _bcolor illustrations ; | ||
| 300 | _c24 cm. | ||
| 650 | _aCooking, Indonesian. | ||
| 999 |
_c300711 _d300711 |
||